000 00508cam a22001697a 4500
008 180718b1984 xxu||||| |||| 00| 0 eng d
082 _aT39 L154i
245 _aIndian and the EEC
_cedited by K.B. Lall, Wolfgang Ernst and H.S. Chopra
260 _aNew Delhi
_bAllied
_c1984
300 _a238p.
650 _aEuropean Economic Community
650 _aInternational economic relations
650 _aForeign commerce - India
700 _aChopra, H.S.
700 _aErnst, Wolfgang
700 _aLall, K.B..
999 _c347255
_d347255